[Event "Feb TNT"]
[Site "Winnipeg CAN"]
[Date "2002.02.19"]
[Round "3.2"]
[White "Proulx, Roy"]
[Black "Rutter, Blair"]
[Result "1-0"]
[WhiteElo "1689"]
[BlackElo "1599"]
[PlyCount "53"]
[EventDate "2002.02.05"]
[EventType "swiss"]
[EventRounds "4"]
[EventCountry "CAN"]

1. d4 d5 2. e4 dxe4 3. Nc3 Nf6 4. f3 exf3 5. Nxf3 Bg4 6. h3 Bh5 7. g4 Bg6 8.
Ne5 e6 9. Qf3 c6 10. Be3 Bxc2 11. g5 Bb4 12. gxf6 gxf6 13. Bd3 fxe5 14. Bxc2
exd4 15. O-O-O e5 16. Ne4 Be7 17. Rhf1 f5 18. Qh5+ Kd7 19. Qxf5+ Kc7 20. Qxe5+
Kc8 21. Rxd4 Nd7 22. Qe6 Re8 23. Rfd1 Bc5 24. Nd6+ Bxd6 25. Qxd6 Rxe3 26. Bf5
Rc3+ 27. Kb1 1-0

[Event "Feb TNT"]
[Site "Winnipeg CAN"]
[Date "2002.02.19"]
[Round "3.3"]
[White "Tetrault, Charles"]
[Black "Wasney, Mark"]
[Result "0-1"]
[WhiteElo "1622"]
[BlackElo "1711"]
[PlyCount "48"]
[EventDate "2002.02.05"]
[EventType "swiss"]
[EventRounds "4"]
[EventCountry "CAN"]

1. e4 c5 2. Nf3 d6 3. d4 cxd4 4. Nxd4 Nf6 5. Nc3 g6 6. Be3 Bg7 7. Be2 O-O 8.
Qd2 Nc6 9. f3 Bd7 10. O-O-O Rc8 11. g4 Ne5 12. Bh6 Bxh6 13. Qxh6 Rxc3 14. bxc3
Qa5 15. h4 Qxc3 16. h5 Qa1+ 17. Kd2 Qxd4+ 18. Kc1 Qc3 19. hxg6 fxg6 20. Bd3
Nxf3 21. Kb1 Rc8 22. e5 Rc6 23. Bb5 Qxc2+ 24. Ka1 Be6 0-1

[Event "Feb TNT"]
[Site "Winnipeg CAN"]
[Date "2002.02.19"]
[Round "3.4"]
[White "Tetrault, Claude"]
[Black "Kohalmi, Andy"]
[Result "1-0"]
[WhiteElo "1562"]
[BlackElo "1911"]
[PlyCount "43"]
[EventDate "2002.02.05"]
[EventType "swiss"]
[EventRounds "4"]
[EventCountry "CAN"]

1. d4 Nf6 2. c4 e6 3. Nf3 d5 4. Bg5 Bb4+ 5. Nc3 Bxc3+ 6. bxc3 O-O 7. e3 Nbd7 8.
Bd3 c5 9. O-O Qa5 10. Qc2 h6 11. Bh4 Re8 12. Rfe1 g5 13. Bg3 Nh5 14. Rf1 Nxg3
15. fxg3 f5 16. cxd5 exd5 17. Bxf5 Nf8 18. Ne5 Qc7 19. Ng4 Kg7 20. Ne5 b6 21.
Bxc8 Raxc8 22. Rf7+ 1-0

[Event "Feb TNT"]
[Site "Winnipeg CAN"]
[Date "2002.02.19"]
[Round "3.5"]
[White "Weijs, Harry"]
[Black "Pottinger, Carl"]
[Result "1-0"]
[WhiteElo "1528"]
[BlackElo "1517"]
[PlyCount "42"]
[EventDate "2002.02.05"]
[EventType "swiss"]
[EventRounds "4"]
[EventCountry "CAN"]

1. d4 h6 2. e4 d6 3. Nf3 e6 4. Nc3 a6 5. Bd3 Be7 6. Be3 Bd7 7. Qe2 Nc6 8. a3
Nf6 9. h3 Qc8 10. e5 Nd5 11. Nxd5 exd5 12. exd6 cxd6 13. c3 Be6 14. Bf4 Qd7 15.
Nd2 O-O 16. Qf3 Rfe8 17. O-O b5 18. Qg3 Kh8 19. Rfe1 Rg8 20. Qe3 g5 21. Bg3 g4
1-0

[Event "Feb TNT"]
[Site "Winnipeg CAN"]
[Date "2002.02.19"]
[Round "3.6"]
[White "Curtis, Rory"]
[Black "Verch, Graham"]
[Result "1-0"]
[WhiteElo "1707"]
[BlackElo "1358"]
[PlyCount "49"]
[EventDate "2002.02.05"]
[EventType "swiss"]
[EventRounds "4"]
[EventCountry "CAN"]

1. d4 Nf6 2. c4 c5 3. d5 b5 4. cxb5 a6 5. Nc3 d6 6. e4 g6 7. f4 Bg7 8. Qc2 O-O
9. Nf3 e6 10. Bc4 Re8 11. O-O Nbd7 12. dxe6 fxe6 13. a4 Nb6 14. Ba2 Kh8 15. a5
Nbd7 16. b6 Bb7 17. Ng5 Qe7 18. Bxe6 Rf8 19. Nd5 Nxd5 20. exd5 Nf6 21. Qd3 h6
22. Nf3 Qe8 23. Nh4 Kh7 24. Nxg6 Rf7 25. Bxf7 1-0

[Event "Feb TNT"]
[Site "Winnipeg CAN"]
[Date "2002.02.19"]
[Round "3.7"]
[White "Hogeveen Rutter, Alexander"]
[Black "Trueman, Francis"]
[Result "0-1"]
[WhiteElo "1262"]
[BlackElo "1417"]
[PlyCount "66"]
[EventDate "2002.02.05"]
[EventType "swiss"]
[EventRounds "4"]
[EventCountry "CAN"]

1. e4 d6 2. d4 Nf6 3. Nc3 g6 4. Nf3 Bg7 5. Be3 O-O 6. Bc4 c6 7. O-O Nbd7 8. e5
dxe5 9. dxe5 Ng4 10. e6 Nxe3 11. exf7+ Kh8 12. fxe3 Qb6 13. Qc1 Nf6 14. h3 Nh5
15. Na4 Qa5 16. Bb3 Qc7 17. Ng5 Qe5 18. Nf3 Qg3 19. Kh1 Qc7 20. Rf2 Ng3+ 21.
Kg1 Ne4 22. Re2 Ng3 23. Re1 Ne4 24. c3 Qg3 25. h4 Bf5 26. Re2 Bg4 27. Qf1 b5
28. Rd1 bxa4 29. Bxa4 Rxf7 30. Bxc6 Rxf3 31. Bxa8 Rxf1+ 32. Kxf1 Bxe2+ 33. Kxe2
Qxg2+ 0-1

[Event "Feb TNT"]
[Site "Winnipeg CAN"]
[Date "2002.02.26"]
[Round "4.1"]
[White "Wasney, Mark"]
[Black "Nikouline, Alexandre"]
[Result "0-1"]
[WhiteElo "1711"]
[BlackElo "2120"]
[PlyCount "72"]
[EventDate "2002.02.05"]
[EventType "swiss"]
[EventRounds "4"]
[EventCountry "CAN"]

1. d4 Nf6 2. c4 e6 3. a3 c5 4. e3 Be7 5. Nf3 b6 6. Nc3 O-O 7. Bd3 Bb7 8. O-O d5
9. Re1 Nc6 10. b3 Rc8 11. Bb2 cxd4 12. exd4 dxc4 13. Bxc4 Na5 14. Be2 Nd5 15.
Ne4 Ne3 16. fxe3 Bxe4 17. Bd3 Qd5 18. Bxe4 Qxe4 19. Rc1 Rxc1 20. Qxc1 Nxb3 21.
Qc7 Bd8 22. Qxa7 Qc2 23. Ba1 Nd2 24. Qb7 Ne4 25. Qa6 Bh4 26. Qe2 Bf2+ 27. Kf1
Rc8 28. Rd1 Bxe3 29. Re1 Nd2+ 30. Nxd2 Bxd2 31. Rd1 Bf4 32. Qg4 b5 33. Re1 Qd3+
34. Kg1 Rc1 35. Rxc1 Bxc1 36. d5 Be3+ 0-1

[Event "Feb TNT"]
[Site "Winnipeg CAN"]
[Date "2002.02.26"]
[Round "4.2"]
[White "Tetrault, Claude"]
[Black "Proulx, Roy"]
[Result "0-1"]
[WhiteElo "1562"]
[BlackElo "1689"]
[PlyCount "60"]
[EventDate "2002.02.05"]
[EventType "swiss"]
[EventRounds "4"]
[EventCountry "CAN"]

1. d4 d5 2. c4 c6 3. Nf3 dxc4 4. Nc3 b5 5. e3 e6 6. Be2 Nf6 7. Qc2 a5 8. a4 Bb4
9. O-O Ba6 10. e4 Bxc3 11. bxc3 O-O 12. Bg5 h6 13. Bh4 g5 14. Bg3 Nbd7 15. Rad1
Nb6 16. axb5 Bxb5 17. Rb1 Ba4 18. Qb2 Bb3 19. Nd2 a4 20. Qa3 Bc2 21. Rb4 Nxe4
22. Nxe4 Bxe4 23. Bxc4 Nxc4 24. Rxc4 Bd3 25. Rxc6 Bxf1 26. Kxf1 Qd5 27. Rc7
Rfb8 28. Qe7 Rb1+ 29. Ke2 Qe4+ 30. Kd2 Rb2+ 0-1

[Event "Feb TNT"]
[Site "Winnipeg CAN"]
[Date "2002.02.26"]
[Round "4.4"]
[White "Kohalmi, Andy"]
[Black "Curtis, Rory"]
[Result "0-1"]
[WhiteElo "1911"]
[BlackElo "1707"]
[PlyCount "44"]
[EventDate "2002.02.05"]
[EventType "swiss"]
[EventRounds "4"]
[EventCountry "CAN"]

1. e4 c5 2. Nf3 Nc6 3. d4 cxd4 4. Nxd4 e5 5. Nxc6 bxc6 6. Bc4 Nf6 7. Bg5 Qa5+
8. Nd2 Nxe4 9. Be3 d5 10. Qf3 dxc4 11. Qxe4 Qd5 12. Qxc4 a5 13. O-O-O Ba6 14.
Qg4 Qxa2 15. Nb1 Bc8 16. Qg3 f6 17. f4 Rb8 18. b3 Rxb3 19. cxb3 Bf5 20. Qf2
Qxb1+ 21. Kd2 Bb4+ 22. Ke2 Bg4+ 0-1

[Event "Feb TNT"]
[Site "Winnipeg CAN"]
[Date "2002.02.26"]
[Round "4.7"]
[White "Verch, Graham"]
[Black "Hogeveen Rutter, Alexander"]
[Result "1-0"]
[WhiteElo "1358"]
[BlackElo "1262"]
[PlyCount "39"]
[EventDate "2002.02.05"]
[EventType "swiss"]
[EventRounds "4"]
[EventCountry "CAN"]

1. e4 c5 2. c3 d6 3. d4 cxd4 4. cxd4 Nc6 5. Nf3 Nf6 6. Nc3 Qa5 7. Bd2 g6 8. Nd5
Qd8 9. Nxf6+ exf6 10. Bc4 Qe7 11. O-O Bg7 12. Re1 O-O 13. Bc3 Re8 14. Rc1 Be6
15. d5 Nd8 16. dxe6 fxe6 17. Qb3 Kh8 18. Rcd1 Rc8 19. Bb4 Nf7 20. Nd4 1-0

[Event "Freedman mem."]
[Site "Toronto CAN"]
[Date "2002.08.12"]
[Round "1"]
[White "Haley, Phil"]
[Black "Shah, Omar"]
[Result "1/2-1/2"]
[WhiteElo "1873"]
[BlackElo "1989"]
[PlyCount "34"]
[EventDate "2002.08.12"]
[EventType "tourn"]
[EventRounds "9"]
[EventCountry "CAN"]

1. d4 e6 2. Nf3 c5 3. c3 Nf6 4. Nbd2 Be7 5. e4 cxd4 6. cxd4 O-O 7. Bd3 d6 8.
O-O Nc6 9. a3 a6 10. b4 b5 11. Re1 g6 12. h3 Re8 13. Nb3 Bf8 14. Bd2 Bb7 15.
Rc1 Rc8 16. Bg5 Be7 17. Bd2 Bf8 1/2-1/2

[Event "Freedman mem."]
[Site "Toronto CAN"]
[Date "2002.08.12"]
[Round "1"]
[White "Miller, Evgeny"]
[Black "Haziprodromu, Sam"]
[Result "1-0"]
[WhiteElo "2202"]
[BlackElo "1889"]
[PlyCount "89"]
[EventDate "2002.08.12"]
[EventType "tourn"]
[EventRounds "9"]
[EventCountry "CAN"]

1. e4 e5 2. Nf3 Nc6 3. d4 exd4 4. Bc4 Nf6 5. O-O Nxe4 6. Re1 d5 7. Bxd5 Qxd5 8.
Nc3 Qh5 9. Nxe4 Be7 10. Bg5 Be6 11. Bxe7 Kxe7 12. Neg5 Rad8 13. Nxe6 fxe6 14.
Rxe6+ Kf8 15. Qd2 Rd5 16. Rae1 g6 17. Qf4+ Rf5 18. Re8+ Kg7 19. Qxc7+ Rf7 20.
Qxf7+ Kxf7 21. Rxh8 Kg7 22. Rhe8 Qf5 23. R8e4 Qa5 24. a3 Qc5 25. R1e2 Qb5 26.
b4 Qa4 27. Nxd4 Nxd4 28. Rxd4 Qxa3 29. Rde4 Qa1+ 30. Re1 Qc3 31. h3 Kf6 32.
R1e2 b6 33. g3 g5 34. Re6+ Kf7 35. Re7+ Kf8 36. Rxa7 Qxb4 37. Rxh7 g4 38. hxg4
Qxg4 39. Rhe7 Qc4 40. Kg2 Qd5+ 41. f3 Qd1 42. g4 b5 43. g5 b4 44. g6 Qd5 45.
Rf7+ 1-0

[Event "Freedman mem."]
[Site "Toronto CAN"]
[Date "2002.08.12"]
[Round "1"]
[White "Sherman, Robert"]
[Black "Takov, Chris"]
[Result "1-0"]
[WhiteElo "1850"]
[BlackElo "1910"]
[PlyCount "51"]
[EventDate "2002.08.12"]
[EventType "tourn"]
[EventRounds "9"]
[EventCountry "CAN"]

1. e4 g6 2. d4 Bg7 3. Nc3 d6 4. Bc4 Nc6 5. Be3 Na5 6. Bd3 a6 7. Nge2 b5 8. Qd2
Nf6 9. h3 Bb7 10. Ng3 Nc6 11. Nge2 O-O 12. O-O Re8 13. f4 Rc8 14. f5 Nb4 15.
fxg6 hxg6 16. Bh6 Nxd3 17. cxd3 c5 18. Bxg7 Kxg7 19. d5 c4 20. Ng3 e6 21. Qg5
b4 22. Rxf6 bxc3 23. Rxf7+ Kxf7 24. Rf1+ Kg8 25. Qxg6+ Kh8 26. Rf7 1-0

[Event "Freedman mem."]
[Site "Toronto CAN"]
[Date "2002.08.12"]
[Round "1"]
[White "Srinivasan, Gajana"]
[Black "Manalo, Pepin"]
[Result "1-0"]
[WhiteElo "1971"]
[BlackElo "1866"]
[PlyCount "53"]
[EventDate "2002.08.12"]
[EventType "tourn"]
[EventRounds "9"]
[EventCountry "CAN"]

1. e4 c5 2. Nf3 d6 3. d4 cxd4 4. Nxd4 Nf6 5. Nc3 g6 6. Be3 Bg7 7. f3 Nc6 8. Bc4
O-O 9. Qd2 Nxd4 10. Bxd4 Qc7 11. Bb3 a6 12. Nd5 Nxd5 13. Bxg7 Kxg7 14. Bxd5 Bd7
15. O-O Rac8 16. c3 b5 17. Rac1 f6 18. f4 h6 19. f5 Qb6+ 20. Kh1 g5 21. Rf3 Rc7
22. Rg3 Rfc8 23. h4 b4 24. hxg5 hxg5 25. Rxg5+ Kh8 26. Rh5+ Kg7 27. Qh6# 1-0

[Event "Freedman mem."]
[Site "Toronto CAN"]
[Date "2002.08.13"]
[Round "2"]
[White "Haziprodromu, Sam"]
[Black "Haley, Phil"]
[Result "1-0"]
[WhiteElo "1889"]
[BlackElo "1873"]
[PlyCount "72"]
[EventDate "2002.08.12"]
[EventType "tourn"]
[EventRounds "9"]
[EventCountry "CAN"]

1. e4 d6 2. d4 Nf6 3. Nc3 c6 4. a4 Nbd7 5. Nf3 e5 6. a5 Be7 7. Bc4 h6 8. dxe5
dxe5 9. O-O O-O 10. Qe2 Qc7 11. Rd1 Re8 12. h3 Nf8 13. Be3 Be6 14. Nd2 N6d7 15.
Bxe6 Nxe6 16. Qc4 Rec8 17. b4 Bg5 18. Nb3 Bxe3 19. fxe3 Rd8 20. Rf1 Nf6 21. Rf5
Rd7 22. Raf1 Qd6 23. Ne2 Rad8 24. Ng3 Ng5 25. Nc5 Re7 26. Rxf6 gxf6 27. Nf5 Qc7
28. h4 Ne6 29. Qe2 Nxc5 30. bxc5 Kf8 31. Qg4 Ke8 32. Ng7+ Kf8 33. Nh5 Re6 34.
Qg7+ Ke8 35. Nxf6+ Rxf6 36. Rxf6 Qe7 1-0

[Event "Freedman mem."]
[Site "Toronto CAN"]
[Date "2002.08.13"]
[Round "2"]
[White "Manalo, Pepin"]
[Black "Miller, Evgeny"]
[Result "0-1"]
[WhiteElo "1866"]
[BlackElo "2202"]
[PlyCount "60"]
[EventDate "2002.08.12"]
[EventType "tourn"]
[EventRounds "9"]
[EventCountry "CAN"]

1. e4 c6 2. c4 d5 3. cxd5 cxd5 4. exd5 Nf6 5. Bc4 g6 6. Nc3 Bg7 7. Nge2 O-O 8.
d4 Nbd7 9. Be3 Nb6 10. Qb3 Bf5 11. Ng3 Nxc4 12. Nxf5 Na5 13. Qc2 gxf5 14. Qxf5
Qc8 15. Qg5 Qg4 16. h4 Nc4 17. b3 Nxe3 18. Qxe3 Rad8 19. Kf1 Nxd5 20. Nxd5 Rxd5
21. Qxe7 Qxd4 22. Re1 Rf5 23. Qe2 Re5 24. Qd1 Rxe1+ 25. Qxe1 Rd8 26. g3 Qd5 27.
Kg1 Qf3 28. Kh2 Bc3 29. Qf1 Rd2 30. Kg1 Rd1 0-1

[Event "Freedman mem."]
[Site "Toronto CAN"]
[Date "2002.08.13"]
[Round "2"]
[White "Takov, Chris"]
[Black "Srinivasan, Gajana"]
[Result "0-1"]
[WhiteElo "1910"]
[BlackElo "1971"]
[PlyCount "68"]
[EventDate "2002.08.12"]
[EventType "tourn"]
[EventRounds "9"]
[EventCountry "CAN"]

1. c4 e5 2. Nc3 f5 3. g3 Nf6 4. Bg2 c6 5. d4 e4 6. h4 d5 7. cxd5 cxd5 8. Bg5
Be6 9. Qd2 Nc6 10. Nh3 Bb4 11. a3 Ba5 12. Nf4 Bf7 13. b4 Bc7 14. Bxf6 Bxf4 15.
e3 Bxe3 16. fxe3 Qxf6 17. Rf1 a6 18. Qf2 g6 19. g4 Be6 20. gxf5 gxf5 21. Bh3
Rf8 22. Na4 f4 23. Bxe6 Qxe6 24. Nc5 Qe7 25. exf4 e3 26. Qf3 Nxd4 27. Qxd5
Qxh4+ 28. Kd1 e2+ 29. Kd2 exf1=Q 30. Rxf1 Rd8 31. Qe5+ Kf7 32. Rc1 Rfe8 33.
Qc7+ Qe7 34. Qxb7 Nb3+ 0-1

[Event "Freedman mem."]
[Site "Toronto CAN"]
[Date "2002.08.14"]
[Round "3"]
[White "Haley, Phil"]
[Black "Manalo, Pepin"]
[Result "0-1"]
[WhiteElo "1873"]
[BlackElo "1866"]
[PlyCount "102"]
[EventDate "2002.08.12"]
[EventType "tourn"]
[EventRounds "9"]
[EventCountry "CAN"]

1. d4 Nf6 2. Bg5 Ne4 3. h4 h6 4. Bf4 d5 5. Nd2 Bf5 6. e3 e6 7. Ngf3 Bd6 8. Bxd6
Qxd6 9. Nxe4 Bxe4 10. c3 Nd7 11. Bd3 f5 12. Qe2 O-O-O 13. O-O-O Rhg8 14. Rdg1
Rdf8 15. Nd2 Bxd3 16. Qxd3 e5 17. Qc2 e4 18. c4 Rf6 19. Kb1 Kb8 20. c5 Qe7 21.
g3 g5 22. hxg5 hxg5 23. b4 c6 24. Qb3 Rfg6 25. b5 Kc7 26. Rc1 Rb8 27. Ka1 Qe6
28. Rh7 Rh6 29. b6+ axb6 30. cxb6+ Kd8 31. Rh1 Rxh1+ 32. Rxh1 Qg8 33. Qb1 Ra8
34. Rh6 Qg7 35. Qh1 Nf8 36. Rh2 Ra6 37. Qb1 Nd7 38. Qh1 Rxb6 39. Rh7 Qf6 40.
Rh6 Qe7 41. Rh7 Qa3 42. Rxd7+ Kxd7 43. Qh7+ Qe7 44. Qxf5+ Kc7 45. Nb3 Rb5 46.
Nc5 b6 47. Ne6+ Kb7 48. Nxg5 Ra5 49. Ne6 Ra8 50. Nf4 Rh8 51. Nh5 Rf8 0-1

[Event "Freedman mem."]
[Site "Toronto CAN"]
[Date "2002.08.14"]
[Round "3"]
[White "Miller, Evgeny"]
[Black "Srinivasan, Gajana"]
[Result "1-0"]
[WhiteElo "2202"]
[BlackElo "1971"]
[PlyCount "67"]
[EventDate "2002.08.12"]
[EventType "tourn"]
[EventRounds "9"]
[EventCountry "CAN"]

1. e4 c5 2. c3 e6 3. d4 d5 4. e5 Nc6 5. Nf3 h6 6. Be2 cxd4 7. cxd4 Nge7 8. O-O
Ng6 9. Nc3 Be7 10. Be3 O-O 11. Bd3 Bd7 12. Rc1 a6 13. Nd2 f5 14. exf6 Rxf6 15.
f4 Bd6 16. g3 Nge7 17. Nf3 Nf5 18. Bxf5 Rxf5 19. Ne5 Nxe5 20. dxe5 Bc7 21. Qb3
Bc6 22. Ne2 Bb5 23. Nd4 Qd7 24. Nxf5 exf5 25. Rxc7 Qxc7 26. Qxd5+ Kh7 27. Rc1
Qe7 28. e6 Kg6 29. Rc5 Rf8 30. Bd4 Bc6 31. Qe5 Rf6 32. g4 Be4 33. Rc7 Qb4 34.
Rxg7+ 1-0

[Event "Freedman mem."]
[Site "Toronto CAN"]
[Date "2002.08.14"]
[Round "3"]
[White "Sherman, Robert"]
[Black "Shah, Omar"]
[Result "0-1"]
[WhiteElo "1850"]
[BlackElo "1989"]
[PlyCount "80"]
[EventDate "2002.08.12"]
[EventType "tourn"]
[EventRounds "9"]
[EventCountry "CAN"]

1. e4 c5 2. Nf3 d6 3. d4 cxd4 4. Nxd4 Nf6 5. Nc3 a6 6. Bg5 e6 7. f4 Be7 8. Qf3
O-O 9. O-O-O Qc7 10. g4 b5 11. Bxf6 Bxf6 12. g5 Be7 13. h4 Bb7 14. h5 Nc6 15.
Nce2 Rfc8 16. Bh3 Nb4 17. Nc3 Qa5 18. a3 Rxc3 19. bxc3 Qxa3+ 20. Kd2 Na2 21.
Ra1 Rc8 22. Nb3 Qb2 23. Rhb1 Qxc3+ 24. Qxc3 Nxc3 25. Re1 Nxe4+ 26. Kc1 Nc5 27.
Nxc5 Rxc5 28. g6 hxg6 29. hxg6 e5 30. gxf7+ Kxf7 31. fxe5 dxe5 32. Kb2 Bf6 33.
Rad1 Bd5 34. Kb1 Ke7 35. Bf5 a5 36. Rd2 Be6 37. Bg6 Rc4 38. Re4 Rc5 39. Re1 Rc8
40. Red1 Rc4 0-1

[Event "Freedman mem."]
[Site "Toronto CAN"]
[Date "2002.08.15"]
[Round "4"]
[White "Haziprodromu, Sam"]
[Black "Sherman, Robert"]
[Result "0-1"]
[WhiteElo "1889"]
[BlackElo "1850"]
[PlyCount "58"]
[EventDate "2002.08.12"]
[EventType "tourn"]
[EventRounds "9"]
[EventCountry "CAN"]

1. e4 e5 2. Nf3 Nc6 3. Bb5 a6 4. Ba4 Nf6 5. O-O b5 6. Bb3 Be7 7. Re1 O-O 8. d4
Nxd4 9. Bxf7+ Rxf7 10. Nxe5 Rf8 11. Qxd4 c5 12. Qd1 Bb7 13. Nc3 Qc7 14. Ng4
Nxg4 15. Qxg4 Bd6 16. h3 Rf6 17. Be3 Raf8 18. Rad1 Rg6 19. Qh5 Be5 20. Nd5 Bxd5
21. Rxd5 d6 22. Bxc5 Rh6 23. Qg5 Bf4 24. Qg4 dxc5 25. Rd7 Qe5 26. g3 Rg6 27.
Qe2 Bxg3 28. Rd5 Bxf2+ 29. Kh1 Qg3 0-1

[Event "Freedman mem."]
[Site "Toronto CAN"]
[Date "2002.08.15"]
[Round "4"]
[White "Shah, Omar"]
[Black "Cohen, David"]
[Result "1-0"]
[WhiteElo "1989"]
[BlackElo "1952"]
[PlyCount "75"]
[EventDate "2002.08.12"]
[EventType "tourn"]
[EventRounds "9"]
[EventCountry "CAN"]

1. e4 e5 2. Nf3 Nf6 3. Nxe5 d6 4. Nf3 Nxe4 5. d4 d5 6. Bd3 Bf5 7. O-O Be7 8.
Re1 O-O 9. Nbd2 Nd6 10. Be2 Re8 11. Nf1 Nc6 12. c3 Ne4 13. Ne3 Bg6 14. Qb3 Nf6
15. Qxb7 Qd6 16. Qb3 Rab8 17. Qd1 Ne4 18. Qa4 a6 19. Qd1 Rbd8 20. Qa4 Ra8 21.
Qb3 Red8 22. g3 Bh5 23. Ng2 g5 24. Nxg5 Bxg5 25. Bxh5 Qf6 26. f4 Bh6 27. Ne3
Bxf4 28. Nxd5 Rxd5 29. Qxd5 Bxg3 30. Qxf7+ Qxf7 31. Bxf7+ Kxf7 32. hxg3 Nxg3
33. Bf4 Rg8 34. Kh2 Nf5 35. Bxc7 Ncxd4 36. cxd4 Nxd4 37. Re3 Nc2 38. Rf1+ 1-0

[Event "Freedman mem."]
[Site "Toronto CAN"]
[Date "2002.08.15"]
[Round "4"]
[White "Srinivasan, Gajana"]
[Black "Haley, Phil"]
[Result "1-0"]
[WhiteElo "1971"]
[BlackElo "1873"]
[PlyCount "111"]
[EventDate "2002.08.12"]
[EventType "tourn"]
[EventRounds "9"]
[EventCountry "CAN"]

1. e4 d6 2. d4 Nf6 3. Nc3 c6 4. f4 Qa5 5. Nf3 Nxe4 6. Bd3 Nxc3 7. bxc3 Nd7 8.
O-O Nf6 9. Bd2 Qc7 10. h3 e6 11. c4 Be7 12. c3 O-O 13. g4 g6 14. Qe1 Ne8 15. f5
exf5 16. gxf5 Kh8 17. fxg6 fxg6 18. Ng5 Bf5 19. Ne6 Bxe6 20. Qxe6 Ng7 21. Qg4
Rxf1+ 22. Rxf1 Rf8 23. Bh6 Rxf1+ 24. Kxf1 Bf8 25. Qf3 Kg8 26. Kg1 Qf7 27. Qe2
Qe7 28. Qg2 Qe1+ 29. Kh2 d5 30. Bf4 Nh5 31. Be5 Bh6 32. Qf3 Qd2+ 33. Kh1 Qe1+
34. Bf1 Qe4 35. Qxe4 dxe4 36. d5 Kf7 37. dxc6 bxc6 38. Bd4 Bd2 39. Bxa7 Bxc3
40. c5 Bd4 41. Bc4+ Ke7 42. Kg2 Nf4+ 43. Kg3 Be5 44. Bb6 g5 45. Kg4 e3 46. Kxg5
Nxh3+ 47. Kf5 Bh2 48. Ke4 Bg1 49. a4 Ng5+ 50. Kd3 Kd7 51. a5 Kc8 52. a6 Kb8 53.
a7+ Ka8 54. Kc2 h5 55. Kc1 h4 56. Ba6 1-0

[Event "Freedman mem."]
[Site "Toronto CAN"]
[Date "2002.08.15"]
[Round "4"]
[White "Takov, Chris"]
[Black "Miller, Evgeny"]
[Result "1/2-1/2"]
[WhiteElo "1910"]
[BlackElo "2202"]
[PlyCount "96"]
[EventDate "2002.08.12"]
[EventType "tourn"]
[EventRounds "9"]
[EventCountry "CAN"]

1. d4 d5 2. c4 e6 3. cxd5 exd5 4. Nc3 c6 5. Nf3 Nf6 6. Bg5 Be7 7. e3 h6 8. Bh4
Bf5 9. Bd3 Bxd3 10. Qxd3 O-O 11. O-O Nbd7 12. a3 a5 13. Ne5 Nxe5 14. dxe5 Nd7
15. Bxe7 Qxe7 16. f4 f6 17. exf6 Nxf6 18. Rae1 Rfe8 19. Rf3 Ne4 20. Nxe4 Qxe4
21. Qc3 Kh8 22. Ref1 Re6 23. f5 Rf6 24. Rf4 Qe7 25. g4 Re8 26. R1f3 Qe5 27. Qb3
b5 28. h4 Ref8 29. Qc2 g6 30. e4 dxe4 31. Rxe4 Qd5 32. Ref4 c5 33. b3 h5 34.
gxh5 Rxf5 35. Qc3+ Kg8 36. h6 Qd1+ 37. Kg2 Qe2+ 38. Kg3 Qxf3+ 39. Qxf3 Rxf4 40.
Qd5+ Kh7 41. Qxc5 a4 42. bxa4 bxa4 43. Qe5 Kxh6 44. Qg5+ Kh7 45. Qxf4 Rxf4 46.
Kxf4 Kh6 47. Kg4 Kg7 48. Kg5 Kh7 1/2-1/2

[Event "Freedman mem."]
[Site "Toronto CAN"]
[Date "2002.08.16"]
[Round "5"]
[White "Cohen, David"]
[Black "Haziprodromu, Sam"]
[Result "1/2-1/2"]
[WhiteElo "1952"]
[BlackElo "1889"]
[PlyCount "109"]
[EventDate "2002.08.12"]
[EventType "tourn"]
[EventRounds "9"]
[EventCountry "CAN"]

1. e4 e5 2. Nf3 Nc6 3. Bc4 Bc5 4. O-O d6 5. h3 Nf6 6. d3 h6 7. Nc3 O-O 8. Be3
Bb6 9. Nd5 Nxd5 10. Bxd5 Ne7 11. Bb3 Ng6 12. Qd2 Qe7 13. Rfe1 Be6 14. d4 Rad8
15. d5 Bc8 16. c4 f5 17. Bc2 fxe4 18. Bxe4 Nf4 19. Bxf4 Rxf4 20. Qxf4 exf4 21.
Bh7+ Kf7 22. Bg6+ Kf8 23. Rxe7 Kxe7 24. Re1+ Kf6 25. Bc2 Bd7 26. Re4 g5 27. Kf1
h5 28. h4 Bf5 29. hxg5+ Kg7 30. Re7+ Kf8 31. Re2 Bxc2 32. Rxc2 Re8 33. Re2 Rxe2
34. Kxe2 Kf7 35. Nh4 Bd4 36. g6+ Kf6 37. g7 Kf7 38. Ng6 Bxg7 39. Nxf4 Bxb2 40.
Nxh5 Kg6 41. g4 Kg5 42. Kf3 c6 43. Kg3 cxd5 44. f4+ Kg6 45. cxd5 b5 46. Kf3 a5
47. f5+ Kg5 48. Nf4 a4 49. Nd3 Bd4 50. Ke4 Bc3 51. Nf2 Be1 52. Nd3 Bd2 53. Nf2
Be1 54. Nd3 Bd2 55. Nf2 1/2-1/2

[Event "Freedman mem."]
[Site "Toronto CAN"]
[Date "2002.08.16"]
[Round "5"]
[White "Haley, Phil"]
[Black "Miller, Evgeny"]
[Result "0-1"]
[WhiteElo "1873"]
[BlackElo "2202"]
[PlyCount "52"]
[EventDate "2002.08.12"]
[EventType "tourn"]
[EventRounds "9"]
[EventCountry "CAN"]

1. d4 d5 2. Bg5 c6 3. e3 Qb6 4. Qc1 Bf5 5. Nf3 e6 6. Be2 Nd7 7. O-O Ngf6 8. h3
Ne4 9. Bf4 Be7 10. Nfd2 g5 11. Bh2 h5 12. f3 Nxd2 13. Nxd2 c5 14. c3 Rc8 15.
Kh1 cxd4 16. exd4 g4 17. fxg4 hxg4 18. Bxg4 Bxg4 19. hxg4 Bd6 20. Nf3 Qc7 21.
g3 Bxg3 22. Qd2 Nf6 23. Kg1 Nxg4 24. Bxg3 Qxg3+ 25. Qg2 Qxg2+ 26. Kxg2 Ne3+ 0-1

[Event "Freedman mem."]
[Site "Toronto CAN"]
[Date "2002.08.16"]
[Round "5"]
[White "Shah, Omar"]
[Black "Takov, Chris"]
[Result "1-0"]
[WhiteElo "1989"]
[BlackElo "1910"]
[PlyCount "75"]
[EventDate "2002.08.12"]
[EventType "tourn"]
[EventRounds "9"]
[EventCountry "CAN"]

1. e4 d6 2. d4 g6 3. Be3 Bg7 4. Nc3 Nc6 5. Qd2 e5 6. d5 Nce7 7. Bb5+ Bd7 8. a4
a6 9. Bc4 f5 10. f3 Nf6 11. Bh6 O-O 12. Bxg7 Kxg7 13. O-O-O b5 14. Bb3 b4 15.
Nce2 a5 16. exf5 Nxf5 17. g4 Ne7 18. h4 Qe8 19. h5 gxh5 20. g5 Nfg8 21. Ng3 Nf5
22. Nxh5+ Kh8 23. Qh2 Qg6 24. f4 Rae8 25. Nf3 Ne3 26. Rdg1 Bg4 27. Rxg4 Nxg4
28. Qg3 e4 29. Nd4 N4h6 30. Qe3 Nf5 31. Nxf5 Qxf5 32. Qd4+ Re5 33. Kb1 Ne7 34.
Nf6 e3 35. fxe5 e2 36. Ka2 dxe5 37. Qxe5 Rxf6 38. Qxf6+ 1-0

[Event "Freedman mem."]
[Site "Toronto CAN"]
[Date "2002.08.16"]
[Round "5"]
[White "Sherman, Robert"]
[Black "Manalo, Pepin"]
[Result "1/2-1/2"]
[WhiteElo "1850"]
[BlackElo "1866"]
[PlyCount "43"]
[EventDate "2002.08.12"]
[EventType "tourn"]
[EventRounds "9"]
[EventCountry "CAN"]

1. e4 c5 2. Nf3 d6 3. d4 cxd4 4. Nxd4 Nf6 5. Nc3 g6 6. Be3 Bg7 7. f3 O-O 8. Qd2
Nc6 9. Bc4 Nxd4 10. Bxd4 Qc7 11. Bb3 Be6 12. Bxe6 fxe6 13. O-O-O a6 14. h4 b5
15. h5 b4 16. Ne2 e5 17. Be3 Rac8 18. hxg6 hxg6 19. Kb1 Kf7 20. Rc1 Qc4 21. c3
b3 22. a3 1/2-1/2

[Event "Freedman mem."]
[Site "Toronto CAN"]
[Date "2002.08.18"]
[Round "6"]
[White "Manalo, Pepin"]
[Black "Cohen, David"]
[Result "0-1"]
[WhiteElo "1866"]
[BlackElo "1952"]
[PlyCount "48"]
[EventDate "2002.08.12"]
[EventType "tourn"]
[EventRounds "9"]
[EventCountry "CAN"]

1. e4 c5 2. Nf3 d6 3. d4 cxd4 4. Nxd4 Nf6 5. Nc3 Nc6 6. Be2 e6 7. Be3 Be7 8. g4
h6 9. Rg1 a6 10. Qd2 Qc7 11. O-O-O b5 12. f3 Ne5 13. h4 Bb7 14. g5 hxg5 15.
hxg5 Nfd7 16. g6 Nxg6 17. Nxe6 fxe6 18. Rxg6 Bf6 19. Bd4 Ne5 20. f4 Nxg6 21. f5
Ne5 22. fxe6 Rc8 23. Nd5 Bxd5 24. exd5 Bg5 0-1